00996nam a2200289 i 450000100060000000300090000600500170001500700030003200800410003502000180007608000210009408000150011524500890013026000320021930000410025149000160029250000150030865000450032365100430036865100430041170000350045470000320048983000240052185200220054599900170056795201220058415212ES-MaACL20251205125521.0t|000119s1999 sp f |||| |dspa d a84-306-0364-6 a929(4)"15/16":32 a940.21/.2503aEl mundo de los validos / cbajo la dirección de John Elliot y Laurence Brockliss. aMadrid : bTaurus, c[1999] a463 p., [48] p. de lám. ; c25 cm.1 aPensamiento aÍndices. 4aPolíticos-zEuropa-vHistoria.9163472 4aEuropa-xHistoria-y1517-1648.9148148 4aEuropa-xHistoria-y1648-1715.91490701 aElliott, J. H., d1930-9470421 aBrockliss, Laurence.9318420 aPensamiento9178722 aES-MaACLjL-22382 c15212d15212 00104070aATENEOMbATENEOMcDEPO2d2008-01-17eSCl0oL-22382p1015468r2023-02-23 00:00:00w2023-02-23yMONOGRAFIA